000 00750nam a2200181Ia 4500
008 090630s9999 xx 000 0 und d
082 _b17720
100 _aधनलाल / डॉ. गाला धीरेन.
245 _aउपवास करा आणि निरोगी रहा.
_cधनलाल / डॉ. गाला धीरेन.
260 _bनवनीत.
300 _a0
600 _aधनलाल / डॉ. गाला धीरेन.
630 _aउपवास करा आणि निरोगी रहा.
655 _aइतर.
700 _aधनलाल / डॉ. गाला धीरेन.
730 _aउपवास करा आणि निरोगी रहा.
942 _cBOOK
999 _c269576
_d269576